Un vergel de miradas: antropología, derecho y desarrollo

Spremljeno u:
Bibliografski detalji
Glavni autor: Argilés Marín, José Manual
Autor kompanije: Universidad de Costa Rica. Facultad de Ciencias Sociales. Escuela de Antropología y Sociología. Departamento de Antropología Laboratorio de Etnología María Eugenia Bozzoli V.
Format: Tekst
Izdano: San José
Teme:
Oznake: Dodaj oznaku
Bez oznaka, Budi prvi tko označuje ovaj zapis!

MARC

LEADER 00000 a a2200000 04500
001 37979
003
040
020 |a 9977-15-143-1  
090 |a AN 0001 A687u  
100 |a Argilés Marín, José Manual  
110 |a Universidad de Costa Rica. Facultad de Ciencias Sociales. Escuela de Antropología y Sociología. Departamento de Antropología Laboratorio de Etnología María Eugenia Bozzoli V.  
245 |a Un vergel de miradas: antropología, derecho y desarrollo  
260 |a San José  
300 |a 152 p.  
650 |a ANTROPOLOGIA  
650 |a TEORIA SOCIAL  
650 |a MODERNIDAD  
999 |c 14338  |d 14338